AH International Schools' Libraries

Normal view MARC view
  • Milne, A. A.

Entry Personal Name

Number of records used in: 1

001 - CONTROL NUMBER

  • control field: 26825

003 - CONTROL NUMBER IDENTIFIER

  • control field: OSt

005 - DATE AND TIME OF LATEST TRANSACTION

  • control field: 20110719122655.0

008 - FIXED-LENGTH DATA ELEMENTS

  • fixed length control field: 110719|||a|||||| | ||| d

040 ## - CATALOGING SOURCE

  • Original cataloging agency: OSt
  • Transcribing agency: OSt

100 ## - HEADING--PERSONAL NAME

  • Personal name: Milne, A. A.
  • Fuller form of name: (Alan Alexander),
  • Dates associated with a name: 1882-1956.
  • Title of a work: Winnie-the-Pooh.

670 ## - SOURCE DATA FOUND

  • Source citation: Work cat.: (OSt)0: Zoehfeld, Kathleen Weidner. 26818, Pooh's first day of school /, c1997.

670 ## - SOURCE DATA FOUND

  • Source citation: Work cat.: (OSt)0: Zoehfeld, Kathleen Weidner. 26818, Pooh's first day of school /, c1997.

For any Logos Library related questions please contact Miss Art at swongnarasuk@asianhope.org.

For any Asian Hope Library related questions please contact Miss Raza at graza@asianhope.org.

Click here to explore our ebooks!

Powered by Koha